| 000 | 00636nam a2200205 a 4500 | ||
|---|---|---|---|
| 001 | 000024944 | ||
| 005 | 20200930023451.0 | ||
| 008 | 110208s1969 ve r 000 0 spa d | ||
| 040 |
_aDO-SdBNP _bspa _cBNPHU |
||
| 041 | 1 | 7 |
_aspa _2eng |
| 082 |
_axxxx _bxxxx |
||
| 245 | 0 | 0 |
_aMarshall McLuhan : _bpro & contra / _cRaymond Rosenthal ; prólogo Raymond Rosenthal. |
| 260 |
_aCaracas : _bMonte Avila, _c1969. |
||
| 300 |
_a335 p. ; _c19 cm. |
||
| 490 | 1 | _aPrisma | |
| 504 | _aIncluye referencias bibliográficas y notas al pie de las páginas. | ||
| 700 | 1 |
_aRosenthal, Raymond, _epról. _951193 |
|
| 830 | 0 |
_aPrisma _93770 |
|
| 049 | _aBNGR | ||
| 999 |
_c24437 _d24437 |
||